San Diego suburbs - Statistics

General Stats
  • This quiz has been taken 300 times
  • The average score is 6 of 20
Answer Stats
Answer % Correct
Chula Vista
75%
El Cajon
64%
National City
55%
La Mesa
51%
Del Mar
49%
Poway
47%
Coronado
46%
Santee
44%
Imperial Beach
38%
Lemon Grove
34%
San Diego
33%
Solana Beach
26%
Spring Valley
23%
Bonita
19%
Rancho Santa Fe
16%
Rancho San Diego
9%
La Presa
7%
Bostonia
6%
Casa De Oro
4%
Winter Gardens
3%
No matching quizzes found
Score Distribution
Percent of People with Each Score
Percentile by Number Answered
Your Score History
You have not taken this quiz